00854nam a22001935i 4500001000700000003000900007005001700016008004100033100003800074245015100112260005800263300002100321530003500342650001400377710003600391852007200427852007200499856008900571166380ES-MaACL20230906213324.0020917s1884 sp |||| | spa d1 aTolosa Latour, Manuel,d1857-191910aProfilaxis de la difteria b: comunicación leída el día 17 de abril de 1884 ante la Sociedad Española de Higiene / cDoctor Tolosa Latour. aMadrid : b[s.n.], c1884 (fImp. de Enrique Teodoro) a16 p. ; c24 cm. aDisponible en formato digital. 4aDifteria.2 aSociedad Española de Higiene. aES-MaACLjT-381-F-11 z- Enc. hol. z- Enc. en un vol. facticio aES-MaACLjT-621-F-13 z- Enc. hol. z- Enc. en un vol. facticio uhttp://bdh-rd.bne.es/viewer.vm?id=0000083597&page=1 zBiblioteca Digital Hispánica